00588nam a2200157 a 4500008004100000020001500041050001500056100002600071245005900097260003600156300001500192350000900207995008100216999001700297952011600314120416s1969 ||||||||||||||||| || u a9072620011 aSB 951 Ale aAlebeek, F. A. N. Van10aIntegrated pest management: a catalogue of training... aEde, The NetherlandsbCTAc1969 axii, 305p. a0.00 D0.00FCBU-MAIN LIBRARY (Kitwe)H1I12.00M1UREFERENCEZReference Collection c47134d47134 00102lcc4070a001b001cReference Collectiond2022-11-30l0oSB 951 Alep023182r2022-11-30w2022-11-30y002